AFL Australian Football Hall of Fame - Statistics

General Stats
  • This quiz has been taken 93 times
    26 since last reset
  • The average score is 72 of 331
Answer Stats
Year Inducted Answer % Correct
PLAYERS 2005 Gary Ablett Sr.
79%
PLAYERS 2022 Brent Harvey
74%
PLAYERS 2002 Jason Dunstall
74%
PLAYERS 2012 Robert Harvey
74%
PLAYERS 2006 Tony Lockett
68%
MEDIA Alf Brown
63%
PLAYERS 1996 Bernie Smith
63%
PLAYERS 2021 Chris Judd
63%
PLAYERS 2008 Gavin Brown
63%
PLAYERS 1999 Jack Clarke (WA)
63%
PLAYERS 2023 Jimmy Bartel
63%
PLAYERS 2020 Jonathan Brown
63%
COACHES 2019 Mick Malthouse
63%
PLAYERS 2011 Nathan Buckley
63%
PLAYERS 1996 Norm Smith
63%
PLAYERS 1996 Ron Barassi
63%
PLAYERS 2010 Ross Smith
63%
PLAYERS 2020 Simon Black
63%
PLAYERS 2003 Herbie Matthews
58%
PLAYERS 1996 Leigh Matthews
58%
PLAYERS 2009 Peter Carey
58%
PLAYERS 2010 Wayne Carey
58%
PLAYERS 2014 Andrew McLeod
53%
PLAYERS 1996 Bob Skilton
53%
PLAYERS 1996 Gordon Coventry
53%
PLAYERS 2011 James Hird
53%
PLAYERS 2025 Luke Hodge
53%
PLAYERS 2011 Michael Voss
53%
PLAYERS 2025 Nick Riewoldt
53%
PLAYERS 1996 Syd Coventry
53%
PLAYERS 2014 Brad Johnson
47%
PLAYERS 2004 Doug Hawkins
47%
PLAYERS 2025 Garry Lyon
47%
COACHES | PLAYERS 2001 Jack Sheedy
47%
PLAYERS 2015 Jason Akermanis
47%
PLAYERS 1996 Kevin Bartlett
47%
COACHES | PLAYERS 2008 Kevin Sheedy
47%
PLAYERS 1996 Lou Richards
47%
PLAYERS 1996 Ted Whitten
47%
PLAYERS 2012 Bob Johnson
42%
PLAYERS 1996 Carji Greeves
42%
PLAYERS 1996 Colin Watson
42%
PLAYERS 1999 Dermott Brereton
42%
COACHES 1996 Fos Williams
42%
PLAYERS 2007 Frank Johnson
42%
PLAYERS 2001 Greg Williams
42%
PLAYERS 1996 Ian Stewart
42%
PLAYERS 1996 Jack Dyer
42%
PLAYERS 2003 Jim Stynes
42%
PLAYERS 1996 John Coleman
42%
PLAYERS 2023 Mark Williams
42%
PLAYERS 2014 Matthew Richardson
42%
PLAYERS 1999 Peter Daicos
42%
PLAYERS 2000 Tim Watson
42%
PLAYERS 2003 Wayne Richardson
42%
PLAYERS 1997 Barry Davis
37%
PLAYERS 2017 Barry Hall
37%
PLAYERS 1996 Bob Davis
37%
UMPIRES Bob Scott
37%
PLAYERS 2024 Dane Swan
37%
PLAYERS 2001 Don Scott
37%
PLAYERS 1996 Doug Wade
37%
PLAYERS 1999 Garry Wilson
37%
PLAYERS 2010 Gavin Wanganeen
37%
COACHES 1996 Haydn Bunton Jr
37%
PLAYERS 1996 Haydn Bunton Sr
37%
COACHES 1996 John Kennedy Sr
37%
PLAYERS 2005 Kelvin Moore
37%
PLAYERS 1996 Kevin Murray
37%
PLAYERS 1998 Len Thompson
37%
PLAYERS 1996 Malcolm Blight
37%
PLAYERS 2011 Mark Ricciuto
37%
PLAYERS 2022 Matthew Pavlich
37%
PLAYERS 2016 Maurice Rioli
37%
PLAYERS 2015 Neil Roberts
37%
PLAYERS 2005 Peter Moore
37%
UMPIRES Ray Scott
37%
PLAYERS 2012 Shane Crawford
37%
PLAYERS 2010 Stan Heal
37%
PLAYERS 2001 Stephen Kernahan
37%
PLAYERS 1998 Terry Daniher
37%
ADMINISTRATORS Tom Wills
37%
PLAYERS 1996 Walter Scott
37%
PLAYERS 2017 Anthony Stevens
32%
PLAYERS 1996 Bernie Quinlan
32%
PLAYERS 1996 Bill Hutchison
32%
PLAYERS 1996 Bob Pratt
32%
PLAYERS 2023 Corey Enright
32%
PLAYERS 2020 Dean Cox
32%
PLAYERS 2000 Gerard Healy
32%
PLAYERS 2012 Glenn Archer
32%
PLAYERS 1996 Graham 'Polly' Farmer
32%
PLAYERS 1996 Jock McHale
32%
PLAYERS 2003 John Platten
32%
PLAYERS 1998 Ken Farmer
32%
PLAYERS 2013 Matthew Lloyd
32%
PLAYERS 2018 Matthew Scarlett
32%
PLAYERS 1996 Michael Tuck
32%
PLAYERS 2007 Paul Kelly
32%
PLAYERS 1996 Peter Hudson
32%
PLAYERS 1996 Alex Jesaulenko
26%
PLAYERS 2014 Anthony Koutoufides
26%
PLAYERS 1996 Barrie Robran
26%
PLAYERS 2016 Ben Hart
26%
PLAYERS 2022 Bill Dempsey
26%
PLAYERS 2000 Bill Goggin
26%
PLAYERS 1996 Bob Rose
26%
PLAYERS 2019 Brad Hardie
26%
MEDIA Dennis Cometti
26%
PLAYERS 1996 Dick Reynolds
26%
COACHES 1996 Frank Hughes
26%
PLAYERS 2008 Garry Hocking
26%
PLAYERS 1996 Gary Dempsey
26%
PLAYERS 1996 Graham Moss
26%
PLAYERS 2009 Guy McKenna
26%
PLAYERS 1996 Jack Titus
26%
PLAYERS 2002 John Newman
26%
PLAYERS 1996 John Nicholls
26%
PLAYERS 1996 John Schultz
26%
PLAYERS 2024 Kelvin Templeton
26%
PLAYERS 2005 Paul Roos
26%
PLAYERS 1999 Peter Bedford
26%
PLAYERS 1999 Peter McKenna
26%
PLAYERS 2007 Robert DiPierdomenico
26%
PLAYERS 1996 Robert Flower
26%
PLAYERS 1996 Royce Hart
26%
PLAYERS 2013 Scott West
26%
PLAYERS 1996 Simon Madden
26%
PLAYERS 1999 Stephen Michael
26%
PLAYERS 2010 Tony Shaw
26%
PLAYERS 2019 Trevor Barker
26%
PLAYERS 2016 Verdun Howell
26%
PLAYERS 1996 Albert Collier
21%
PLAYERS 1996 Allen Aylett
21%
PLAYERS 2001 Barry Round
21%
PLAYERS 2009 Bill Morris
21%
UMPIRES Brett Allen
21%
PLAYERS 1996 Bruce Doull
21%
MEDIA Bruce McAvaney
21%
UMPIRES Bryan Sheehan
21%
ADMINISTRATORS Charles Brownlow
21%
PLAYERS 2012 Chris Grant
21%
PLAYERS 2006 Craig Bradley
21%
PLAYERS 1996 Darrel Baldock
21%
PLAYERS 2000 David Dench
21%
COACHES 2002 David Parkin
21%
PLAYERS 2007 Dean Kemp
21%
PLAYERS 2021 Debbie Lee
21%
PLAYERS 2000 Des Fothergill
21%
PLAYERS 2008 Des Tuddenham
21%
PLAYERS 1996 Dick Lee
21%
PLAYERS 2025 Erin Phillips
21%
PLAYERS 1996 Francis Bourke
21%
PLAYERS 1999 Gary Ayres
21%
PLAYERS 1996 Graham Arthur
21%
PLAYERS 2012 Graham Cornes
21%
PLAYERS 1996 Harry Collier
21%
PLAYERS 1996 Keith Greig
21%
PLAYERS 2020 Lenny Hayes
21%
PLAYERS 2007 Michael Long
21%
PLAYERS 2016 Nigel Lappin
21%
PLAYERS 2008 Noel Teasdale
21%
PLAYERS 2001 Norman Ware
21%
PLAYERS 2015 Peter Bell
21%
PLAYERS 2006 Peter Matera
21%
PLAYERS 2000 Ross Glendinning
21%
PLAYERS 1996 Roy Wright
21%
PLAYERS 2023 Sam Mitchell
21%
PLAYERS 2005 Stephen Silvagni
21%
PLAYERS 2014 Warren Tredrea
21%
PLAYERS 2018 Wayne Johnston
21%
PLAYERS 2006 Wilfred Smallhorn
21%
PLAYERS 1996 Allan Hopkins
16%
COACHES 1996 Allan Jeans
16%
PLAYERS 1998 Allan Ruthven
16%
PLAYERS 2015 Austin Robertson Jr.
16%
PLAYERS 2004 Carl Ditterich
16%
PLAYERS 1996 Charlie Sutton
16%
PLAYERS 2024 Chris McDermott
16%
PLAYERS 2025 Daisy Pearce
16%
PLAYERS 2007 Darren Jarman
16%
PLAYERS 2018 David Neitz
16%
PLAYERS 2020 Greg Phillips
16%
PLAYERS 1996 Harry Vallence
16%
PLAYERS 1996 Henry Young
16%
PLAYERS 1996 Ivor Warne-Smith
16%
PLAYERS 1996 Johnny Lewis
16%
PLAYERS 1996 John Rantall
16%
PLAYERS 1996 Merv McIntosh
16%
PLAYERS 2015 Michael O'Loughlin
16%
PLAYERS 2021 Nathan Burke
16%
PLAYERS 1996 Peter Knights
16%
PLAYERS 2024 Ralph Robertson
16%
PLAYERS 2006 Robert Walls
16%
PLAYERS 1996 Ron Clegg
16%
PLAYERS 1996 Roy Cazaly
16%
PLAYERS 2018 Terry Wallace
16%
COACHES 1996 Tom Hafey
16%
PLAYERS 1997 Wayne Schimmelbusch
16%
PLAYERS 1996 Allan La Fontaine
11%
PLAYERS 2010 Brian Dixon
11%
ADMINISTRATORS Bruce Andrew
11%
PLAYERS 1996 Charlie Pannam
11%
PLAYERS 1996 Dan Moriarty
11%
PLAYERS 2002 George Doig
11%
PLAYERS 1996 George Todd
11%
PLAYERS 2008 Glen Jakovich
11%
PLAYERS 2013 Hassa Mann
11%
PLAYERS 2004 Jack Moriarty
11%
PLAYERS 1996 Jack Worrall
11%
COACHES 2003 John Todd
11%
PLAYERS 2019 Ken Hunter
11%
PLAYERS 2009 Mark Bickley
11%
PLAYERS 2022 Michael Taylor
11%
PLAYERS 1997 Neil Kerley
11%
PLAYERS 2022 Nicky Winmar
11%
PLAYERS 1996 Peter Burns
11%
PLAYERS 2013 Rick Davies
11%
PLAYERS 2021 Robert Wiley
11%
PLAYERS 2017 Ron Todd
11%
PLAYERS 1996 Russell Ebert
11%
PLAYERS 2017 Simon Goodwin
11%
PLAYERS 1996 Tom Fitzmaurice
11%
PLAYERS 1996 Vic Cumberland
11%
PLAYERS 1996 Vic Thorp
11%
PLAYERS 1996 William Truscott
11%
PLAYERS 2003 Arthur Olliver
5%
PLAYERS 2018 Bernie Naylor
5%
UMPIRES Bill Deller
5%
PLAYERS 1996 Bill Mohr
5%
PLAYERS 1996 Bill Walker
5%
PLAYERS 1999 Bob Hank
5%
PLAYERS 2013 Brian Peake
5%
PLAYERS 2009 Chris Langford
5%
PLAYERS 2001 Dale Weightman
5%
PLAYERS 1996 Dan Minogue
5%
PLAYERS 2004 Denis Marshall
5%
PLAYERS 2014 Ern Henfry
5%
PLAYERS 1998 Fred Flanagan
5%
PLAYERS 2000 Geoff Southby
5%
PLAYERS 2002 Geof Motley
5%
PLAYERS 2025 George Owens
5%
MEDIA Harry Beitzel
5%
ADMINISTRATORS H. C. A. Harrison
5%
UMPIRES Ian Robinson
5%
ADMINISTRATORS Jack Hamilton
5%
PLAYERS 1996 Jack Mueller
5%
COACHES 1996 Jack Oatey
5%
UMPIRES Jeff Crouch
5%
COACHES 2002 John Cahill
5%
PLAYERS 2025 John Leedham
5%
PLAYERS 2006 John Murphy
5%
PLAYERS 2001 Ken Fraser
5%
PLAYERS 1996 Laurie Nash
5%
PLAYERS 1996 Len Fitzgerald
5%
PLAYERS 1996 Les Foote
5%
ADMINISTRATORS Max Basheer
5%
PLAYERS 2018 Mel Whinnen
5%
PLAYERS 2023 Michael Aish
5%
PLAYERS 2024 Michael Graham
5%
PLAYERS 2022 Mike Fitzpatrick
5%
PLAYERS 2007 Murray Weideman
5%
PLAYERS 2016 Paul Salmon
5%
PLAYERS 1996 Percy Bentley
5%
PLAYERS 2025 Peter Darley
5%
PLAYERS 1996 Phonse Kyne
5%
PLAYERS 1996 Reg Hickey
5%
ADMINISTRATORS Ron Evans
5%
PLAYERS 2006 Steve Marsh
5%
PLAYERS 2005 Stuart Spencer
5%
PLAYERS 1996 Vic Belcher
5%
PLAYERS 1996 Wels Eicke
5%
PLAYERS 1996 Albert Chadwick
0%
PLAYERS 1996 Albert Thurgood
0%
ADMINISTRATORS Bob Hammond
0%
ADMINISTRATORS Bob McLean
0%
PLAYERS 1996 Bob Quinn
0%
PIONEERS Charles Kingston
0%
PLAYERS 1996 Dave McNamara
0%
PLAYERS 1996 David Christy
0%
ADMINISTRATORS Dr William C. McClelland
0%
ADMINISTRATORS Eric McCutchan
0%
MEDIA Geoff Christian
0%
PLAYERS 1996 George Coulthard
0%
PLAYERS 1996 George Moloney
0%
MEDIA Hector DeLacy
0%
UMPIRES Henry "Ivo" Crapp
0%
PLAYERS 1996 Horrie Clover
0%
PLAYERS 2011 Horrie Gorringe
0%
MEDIA Hugh Buggy
0%
PLAYERS 2005 Ian Nankervis
0%
PLAYERS 1996 Jack Clarke (Vic)
0%
PLAYERS 1996 Jack 'Dinny' Reedman
0%
UMPIRES Jack Elder
0%
UMPIRES Jack McMurray Jr.
0%
UMPIRES Jack McMurray Sr.
0%
PLAYERS 1996 Jack Regan
0%
PLAYERS 2019 Jim Deane
0%
PLAYERS 2020 John Abley
0%
PIONEERS John Acraman
0%
PLAYERS 1996 John Daly
0%
PLAYERS 2017 John Halbert
0%
COACHES 1996 Johnny Leonard
0%
UMPIRES Ken Aplin
0%
PLAYERS 2009 Ken Hands
0%
ADMINISTRATORS Likely 'Like' McBrien
0%
PLAYERS 1996 Lindsay Head
0%
PLAYERS 1996 Mark Tandy
0%
MEDIA Norman Banks
0%
ADMINISTRATORS Pat Rodriguez
0%
PLAYERS 2016 Paul Bagshaw
0%
PLAYERS 1996 Percy Beames
0%
COACHES 2004 Phillip Matson
0%
PLAYERS 2024 Ray Schofield
0%
PLAYERS 2016 Ray Sorrell
0%
MEDIA Reginald Wilmot
0%
PIONEERS Richard Twopeny
0%
PLAYERS 1996 Rod McGregor
0%
MEDIA Ron Casey
0%
ADMINISTRATORS Ross Oakley
0%
UMPIRES Rowan Sawers
0%
ADMINISTRATORS Sir Kenneth Luke
0%
PLAYERS 2022 Ted Tyson
0%
PLAYERS 2022 Terry Cashion
0%
ADMINISTRATORS Thomas Hill
0%
PLAYERS 2023 Tom Leahy
0%
PLAYERS 1996 Tom MacKenzie
0%
UMPIRES Tom McArthur
0%
MEDIA Tony Charlton
0%
No matching quizzes found
Score Distribution
Percent of People with Each Score
Percentile by Number Answered
Your Score History
You have not taken this quiz since the last reset